Guess the lyrics (#98) - Statistics

General Stats
  • This quiz has been taken 92 times
  • The average score is 140 of 281
Answer Stats
answer % Correct
a
99%
A
99%
I
99%
you
97%
You
97%
me
92%
me,
92%
do
88%
to
88%
the
86%
The
86%
be
85%
what
81%
it
80%
and
78%
And
78%
is
77%
we
76%
We
76%
in
73%
love
73%
your
72%
no
70%
can
69%
so
69%
are
68%
for
68%
know
66%
like
61%
my
61%
My
61%
there,
61%
there
61%
That
58%
that
58%
Don't
57%
don't
57%
I'm
57%
of
57%
by
55%
this
55%
This
55%
all
54%
But,
54%
But
54%
if
53%
If
53%
with
53%
it's
51%
will
51%
can't
50%
us
50%
ever
49%
Oh,
49%
want
49%
girl,
47%
girl
47%
Hey
47%
time
47%
Yes,
47%
as
46%
have
45%
I'll
45%
you're
45%
look
43%
never,
43%
away
42%
just
42%
say
42%
New
41%
had
39%
What's
39%
get
38%
life
38%
York
38%
Give
36%
good
36%
City?
35%
Delilah
35%
Delilah,
35%
every
35%
got
35%
make
35%
pretty
35%
miles
32%
Our
32%
tonight
32%
way
32%
thousand
31%
would
31%
Would
31%
them
30%
We'll
30%
we'll
30%
world
30%
because
28%
done
28%
I've
28%
song
28%
true
28%
same
27%
about
26%
I'd
26%
side
26%
you'll
26%
other
24%
right
24%
take
24%
Times
24%
times
24%
Two
24%
word
24%
knew
23%
more
23%
whatever
23%
eyes
22%
far
22%
listen
22%
Listen
22%
Square
22%
Close
20%
fall
20%
much
20%
shine
20%
worry
20%
you'd
20%
believe
19%
bright
19%
hard
18%
another
16%
getting
16%
guitar
16%
lonely
16%
miss
16%
swear
16%
distance
15%
pay
15%
voice,
15%
write
15%
wrote
15%
bills
14%
Even
14%
making
14%
they've
14%
We'd
14%
breath
12%
disguise
12%
friends
12%
here's
12%
left
12%
one's
12%
Someday
12%
felt
11%
fun
11%
school
11%
through
11%
years
11%
blame
9%
cars
9%
planes,
9%
promise
9%
trains,
9%
walk
9%
history
8%
none
8%
seems
8%
laugh
7%
along
5%
simple
4%
No matching quizzes found
Score Distribution
Percent of People with Each Score
Percentile by Number Answered
Your Score History
You have not taken this quiz